000 00366nam a2200133Ia 4500
008 230917s9999||||xx |||||||||||||| ||und||
040 _e96283
_aMAIN
041 _aEnglish
082 _a615.812 M29R
100 _aMalhotra, Rajeev
245 0 _aRole of computed tomography (C T) in patients of hemoptysis with normal skiagram chest
300 _a90 p.
942 _cTH
999 _c87393
_d87393